000
00311cam a22001217a 4500
008
180718b1965 xxu||||| |||| 00| 0 eng d
082
_a
A6x91 P185i
100
_a
Palmier, Leslie
245
_a
Indonesia.
_c
by Leslie Palmier
260
_a
London
_b
Thames And Hudson
_c
1965
300
_a
240p
650
_a
Indonesia.
999
_c
413479
_d
413479